<?xml version="1.0" encoding="UTF-8"?><?xml-stylesheet type="text/xsl" href="static/style.xsl"?><OAI-PMH xmlns="http://www.openarchives.org/OAI/2.0/" xmlns:xsi="http://www.w3.org/2001/XMLSchema-instance" xsi:schemaLocation="http://www.openarchives.org/OAI/2.0/ http://www.openarchives.org/OAI/2.0/OAI-PMH.xsd"><responseDate>2026-04-13T07:00:07Z</responseDate><request verb="GetRecord" identifier="oai:www.recercat.cat:2099.1/22346" metadataPrefix="marc">https://recercat.cat/oai/request</request><GetRecord><record><header><identifier>oai:recercat.cat:2099.1/22346</identifier><datestamp>2025-07-23T01:31:15Z</datestamp><setSpec>com_2072_1033</setSpec><setSpec>col_2072_452951</setSpec></header><metadata><record xmlns="http://www.loc.gov/MARC21/slim" xmlns:dcterms="http://purl.org/dc/terms/" xmlns:xsi="http://www.w3.org/2001/XMLSchema-instance" xmlns:doc="http://www.lyncode.com/xoai" xsi:schemaLocation="http://www.loc.gov/MARC21/slim http://www.loc.gov/standards/marcxml/schema/MARC21slim.xsd">
   <leader>00925njm 22002777a 4500</leader>
   <datafield ind2=" " ind1=" " tag="042">
      <subfield code="a">dc</subfield>
   </datafield>
   <datafield ind2=" " ind1=" " tag="720">
      <subfield code="a">Mauri Alarcon, Jordi</subfield>
      <subfield code="e">author</subfield>
   </datafield>
   <datafield ind2=" " ind1=" " tag="260">
      <subfield code="c">2014-01</subfield>
   </datafield>
   <datafield ind2=" " ind1=" " tag="520">
      <subfield code="a">En aquest projecte es realitza un controlador pel quadrotor AR.Drone 2.0 i s’utilitza perquè aquest sigui capaç de realitzar algunes tasques senzilles de forma autònoma a partir de les dades de navegació i de les imatges captades per les càmeres que incorpora.&#xd;
En la primera part del treball s’analitza el funcionament d’un quadrotor i en particular el de l’AR.Drone 2.0. A continuació, es busca quina és el millor entorn de desenvolupament per assolir l’objectiu del treball. Les opcions estudiades són MATLAB, LabView i ROS. Aquesta última és la que finalment es tria. A partir d’aquí, es busca el model de la planta de l’AR.Drone 2.0 i es dissenya un controlador per la posició en l’eix X i Y i per l’orientació en l’eix Z amb l’ajuda del SIMULINK de MATLAB. Un cop obtingut el model i el controlador,&#xd;
s’expliquen les diferents tasques que podrà realitzar el quadrotor. Els tractaments que s’han de realitzar sobre les imatges es fan utilitzant OpenCV. En l’últim apartat es descriu l’estructura i funcionament del programa final, escrit en llenguatge Python. Tot el codi del programa es pot trobar a l’annex B.</subfield>
   </datafield>
   <datafield tag="653" ind2=" " ind1=" ">
      <subfield code="a">Àrees temàtiques de la UPC::Informàtica::Arquitectura de computadors</subfield>
   </datafield>
   <datafield tag="653" ind2=" " ind1=" ">
      <subfield code="a">Flying-machines</subfield>
   </datafield>
   <datafield tag="653" ind2=" " ind1=" ">
      <subfield code="a">Helicopters</subfield>
   </datafield>
   <datafield tag="653" ind2=" " ind1=" ">
      <subfield code="a">Aeronaus</subfield>
   </datafield>
   <datafield tag="653" ind2=" " ind1=" ">
      <subfield code="a">Helicòpters</subfield>
   </datafield>
   <datafield ind2="0" ind1="0" tag="245">
      <subfield code="a">Disseny d’un controlador per l’AR.Drone 2.0</subfield>
   </datafield>
</record></metadata></record></GetRecord></OAI-PMH>